Brazil - Statistics

General Stats
  • This quiz has been taken 820 times
  • The average score is 12 of 18
Answer Stats
Hint Answer % Correct
Capital city Brasilia
99%
Official language Portuguese
95%
Largest city, the country's economic and financial capital Sao Paulo
92%
World's longest and most voluminous river Amazon
86%
Second largest city and former capital, renowned for its scenery Rio de Janeiro
84%
One of two South American countries that DON'T border Brazil Ecuador
80%
Brazil's rank amid the world's largest countries Fifth
77%
Brazil's rank amid the world's most populous countries Fifth
77%
Beach where a girl of song liked to hang out Ipanema
72%
Rhythm of African origin, extremely popular during said festivities Samba
70%
Number of times Brazil has won the World Cup Five
68%
Giant waterfall shared with Argentina Iguazu
59%
Potent liquor, lime, and sugar concoction Caipirinha
55%
Delicious black bean and meat stew, the national dish Feijoada
50%
Four-day bacchanalia preceding Lent Carnaval
48%
Irresistible chocolate and condensed milk treat Brigadeiro
40%
Common name of Brazil's two emperors Pedro
40%
All-you-can-eat restaurant where meat is served from swords Rodizio
23%
No matching quizzes found
Score Distribution
Percent of People with Each Score
Percentile by Number Answered
Your Score History
You have not taken this quiz